000 01298nam a22002897a 4500
003 DO-SdBNP
005 20250621074009.0
007 ta
008 100322s2020 dr 000 0 spa d
020 _a9789945916553
040 _aDO-SdBNP
_bspa
_cBNPHU
082 4 _a324.6097293
_bA347e
_222
100 1 _aAlcántara Sáez, Manuel
_937920
245 1 0 _aElecciones en el marco de democracias fatigas /
_cManuel Alcántara Sáez
260 _aSanto Domingo :
_bJCE,
_c2020.
300 _a49 p. :
_c21 cm.
500 _aPonencia en el marco de la conmemoración del XII aniversario de la Escuela de Formación Electoral y del Estado Civil
504 _aBibliografía : p. 48-49
505 _aIntroducción
_tLas elecciones como hecho rutinario no impiden la fatiga --
_tEl desgaste institucional: las relaciones Ejecutivo-Legislativo --
_tLos cambios en los sistemas de partidos son un síntoma de la fatiga --
_tUn nuevo ciclo político --
_tBibliografía citada --
590 _aInventariado, 2021/ YL
650 4 _aElecciones
_zRepública Dominicana
_92992
650 0 _aDemocracia
_9286
651 0 _aRepública Dominicana
_xPolítica y gobierno
_945
710 1 _aRepública Dominicana.
_b Junta Central Electoral
_964605
910 _aYL/Validado. Control de calidad MFF
942 _2ddc
_cLBS1
999 _c49635
_d49635